مكتبة جامعة عجلون الوطنية

فهرس بحث المكتبة

CLINICAL NUTRITION: Selected Case Studies / (Record no. 33529)

MARC details
000 -LEADER
fixed length control field 00605nam a22002057a 4500
003 - CONTROL NUMBER IDENTIFIER
control field JO-AjAnu
005 - DATE AND TIME OF LATEST TRANSACTION
control field 20240610105600.0
008 - FIXED-LENGTH DATA ELEMENTS--GENERAL INFORMATION
fixed length control field 240610b jo ||||| |||| 00| 0 ara d
020 ## - INTERNATIONAL STANDARD BOOK NUMBER
International Standard Book Number 9957182412
040 ## - CATALOGING SOURCE
Original cataloging agency JO-AjAnu
Language of cataloging eng
Transcribing agency JO-AjAnu
041 ## - LANGUAGE CODE
Language code of text/sound track or separate title eng
100 #1 - MAIN ENTRY--PERSONAL NAME
Personal name Takruri, Hamed R
9 (RLIN) 65447
Relator term AUTHOR
245 ## - TITLE STATEMENT
Title CLINICAL NUTRITION: Selected Case Studies /
Statement of responsibility, etc. Hamed R Takruri, Reema F, tAYYEM
250 ## - EDITION STATEMENT
Edition statement 3EDITION
260 ## - PUBLICATION, DISTRIBUTION, ETC.
Place of publication, distribution, etc. AMMAN :
Name of publisher, distributor, etc. DAR ALMANAHIG,
Date of publication, distribution, etc. 2023
300 ## - PHYSICAL DESCRIPTION
Extent 206P
650 70 - SUBJECT ADDED ENTRY--TOPICAL TERM
Topical term or geographic name entry element Narrative nutrition
9 (RLIN) 65448
700 #1 - ADDED ENTRY--PERSONAL NAME
Personal name Tayyem, Reema F
9 (RLIN) 65450
Relator term joint author
942 ## - ADDED ENTRY ELEMENTS (KOHA)
Source of classification or shelving scheme Library of Congress Classification
Koha item type Books
Suppress in OPAC No
Holdings
Withdrawn status Lost status Source of classification or shelving scheme Damaged status Not for loan Home library Current library Date acquired Total Checkouts Full call number Barcode Date last seen Price effective from Koha item type
    Library of Congress Classification     مكتبة جامعة عجلون الوطنية مكتبة جامعة عجلون الوطنية 10/06/2024   RC620 2023 E3746 10/06/2024 10/06/2024 Books
    Library of Congress Classification     مكتبة جامعة عجلون الوطنية مكتبة جامعة عجلون الوطنية 10/06/2024   RC620 2023 E3745 10/06/2024 10/06/2024 Books